| 000 | 00512nam a22001817a 4500 | ||
|---|---|---|---|
| 003 | NUST - PNEC | ||
| 005 | 20170116180945.0 | ||
| 008 | 150907b xxu||||| |||| 00| 0 eng d | ||
| 020 | _a0071006931 | ||
| 020 | _a007039931X | ||
| 040 | _cLIBRARY | ||
| 082 | 0 | 0 | _a621.381535 DAI |
| 100 | 1 | _aDailey, Denton J. | |
| 245 | 1 | 0 |
_aOperational amplifiers and linear integrated circuits :theory and applications _cDenton J. Dailey. |
| 260 | _cc1989. | ||
| 650 | 0 |
_aLinear integrated circuits. _xEE |
|
| 942 |
_2ddc _cBK |
||
| 999 |
_c66277 _d66277 |
||